000 00516nmm a2200169Ia 4500
008 251105s9999||||xx |||||||||||||||||und||
020 _a9788484893523
041 _aspa
100 _aPenas Ibáñez, María Azucena
245 0 _aCambio semántico y competencia gramatical
264 _a[Madrid, España] :
_bIberoamericana Vervuert,
_c2009
300 _a544 páginas
490 _aLingüística Iberoamericana
650 _aLexicology
856 _uhttps://public.digitaliapublishing.com/a/18332
942 _cCF
999 _c86589
_d86589